| 000 | 00537nam a2200169Ia 4500 | ||
|---|---|---|---|
| 003 | SGT | ||
| 020 | _a9788120335851 | ||
| 082 |
_a621.319 _bCHA |
||
| 100 | _aChakrabarti,A | ||
| 245 | _aPower system analysis | ||
| 250 | _a2nd Ed. | ||
| 260 |
_bPHI Learning Private Limited _aNew Delhi _c2008 |
||
| 300 | _a1046p. | ||
| 650 | _aELECTRICAL ENGINEERING | ||
| 653 | _aINTRODUCTION,MODELLING OF POWER SYSTEM COMPONENTS,POWER NETWORK MATRIX OPERATIONS,COMPLEX POWER FLOWS,ECONOMIC OPERATION OF ENERGY GENERATING SYSTEMS, | ||
| 942 |
_2ddc _cBK |
||
| 999 |
_c5036 _d5036 |
||